000 00655nam a2200205 i 4500
001 86936
003 ES-MaACL
005 20230906175544.0
007 t|
008 041216s1969 sp ||||1| spa d
100 1 _aKolle, Oswalt.
_968519
245 1 0 _aTu marido, ese desconocido /
_cOswalt Kolle ; fotografías de Gido Mangold ; [traducción, Aurora Martí y Frederik Koning].
250 _a[1ª ed.].
260 _aBarcelona :
_bBruguera,
_c[1969]
300 _a191 p., 20 lám. ;
_c25 cm.
700 1 _aMangold, Guido.
_976016
700 1 _aMartí, Aurora M.
_977181
700 1 _aKoning, Frederik.
_968558
852 _aES-MaACL
_jC-42352
_bR.69730
999 _c86936
_d86936